[Event "Oberliga Nord O 1920"]
[Site "Germany"]
[Date "2020.01.19"]
[Round "5.1"]
[White "Modler, Andreas"]
[Black "Rehberg, Raphael"]
[Result "1/2-1/2"]
[WhiteElo "2225"]
[BlackElo "2234"]
[PlyCount "83"]
[EventDate "2019.09.29"]
[EventType "team-tourn"]
[EventRounds "9"]
[EventCountry "GER"]
[SourceTitle "CBM 195 Extra"]
[Source "ChessBase"]
[SourceDate "2020.05.31"]
[SourceVersion "1"]
[SourceVersionDate "2020.05.31"]
[SourceQuality "1"]

1. c4 e6 2. Nc3 d5 3. d4 c6 4. e3 Nf6 5. Nf3 Nbd7 6. Qc2 Be7 7. b3 0-0 8. Be2 b6 9. 0-0 Bb7 10. Bb2 dxc4 11. bxc4 c5 12. Rfd1 cxd4 13. exd4 Qc7 14. a4 Rac8 15. Nd2 e5 16. d5 Bb4 17. Nde4 Nxe4 18. Nxe4 f5 19. Ng5 Nc5 20. Bc3 Bxc3 21. Qxc3 Rf6 22. a5 e4 23. axb6 axb6 24. g3 f4 25. Bg4 Rd8 26. Ne6 Nxe6 27. Bxe6+ Kh8 28. gxf4 Qxf4 29. Qe3 Rg6+ 30. Kh1 Qd6 31. Rg1 Rf6 32. Qg5 Rg6 33. Qe3 Rf6 34. Rg3 Bc8 35. Bxc8 Rxc8 36. Qxe4 Rxf2 37. Qg4 Rg8 38. Qd4 Rf4 39. Qd3 Rgf8 40. Rb1 Qc5 41. Rbg1 Qxc4 42. Qxc4 1/2-1/2

[Event "GER CupT 1920 prel2"]
[Site "Liebschwitz"]
[Date "2020.01.11"]
[Round "1.1"]
[White "Rehberg, Raphael"]
[Black "Schneider, Jana"]
[Result "0-1"]
[WhiteElo "2244"]
[BlackElo "2239"]
[PlyCount "29"]
[EventDate "2020.01.11"]
[EventType "team-k.o."]
[EventRounds "2"]
[EventCountry "GER"]
[SourceTitle "EXT 2021"]
[Source "ChessBase"]
[SourceDate "2020.10.23"]
[SourceVersion "1"]
[SourceVersionDate "2020.10.23"]
[SourceQuality "1"]
[WhiteTeam "Brandenburg"]
[BlackTeam "Regensburg Bavaria"]
[WhiteTeamCountry "GER"]
[BlackTeamCountry "GER"]

1. e4 e5 2. Nf3 Nc6 3. Bc4 Bc5 4. c3 Nf6 5. d3 0-0 6. 0-0 a6 7. d4 Ba7 8. dxe5 Nxe4 9. b4 d6 10. Bd5 Nxf2 11. Rxf2 dxe5 12. Qb3 Be6 13. Bxe6 fxe6 14. Nbd2 Qd3 15. Rb1 0-1

[Event "GER-ch 89th"]
[Site "Dresden"]
[Date "2018.08.11"]
[Round "9"]
[White "Adiyaman, Rene"]
[Black "Rehberg, Raphael"]
[Result "0-1"]
[WhiteElo "2097"]
[BlackElo "2234"]
[PlyCount "112"]
[EventDate "2018.08.03"]
[EventType "swiss"]
[EventRounds "9"]
[EventCountry "GER"]
[SourceTitle "CBM 185 Extra"]
[Source "ChessBase"]
[SourceDate "2018.07.29"]
[SourceVersion "1"]
[SourceVersionDate "2018.07.29"]
[SourceQuality "1"]

1. e4 c5 2. c3 Nf6 3. e5 Nd5 4. d4 cxd4 5. Nf3 e6 6. cxd4 b6 7. Bc4 Bb7 8. 0-0 Qc7 9. Qe2 h6 10. Bd2 Bc6 11. Rc1 Qb7 12. Bb5 Be7 13. Bxc6 Nxc6 14. Nc3 Nxc3 15. Rxc3 Nb4 16. Ne1 Nd5 17. Qe4 Bb4 18. Rc2 Bxd2 19. Rxd2 0-0-0 20. Rc1+ Kb8 21. Rdc2 Rc8 22. Nd3 Rxc2 23. Rxc2 Rc8 24. Rxc8+ Qxc8 25. a3 Ne7 26. g3 Qc6 27. Qf4 Nf5 28. Nb4 Qc4 29. d5 Qxf4 30. gxf4 a5 31. dxe6 dxe6 32. Nc2 Kc7 33. Kf1 Kc6 34. Ke2 Kd5 35. Kd3 g5 36. Ne3+ Nxe3 37. fxe3 gxf4 38. exf4 a4 39. h3 h5 40. h4 b5 41. Ke3 Kc4 42. f5 Kb3 43. Kf4 Kxb2 44. Kg5 b4 45. axb4 a3 46. Kf6 a2 47. Kxf7 a1Q 48. f6 Kc3 49. Kxe6 Kd4 50. f7 Qa4 51. Kf6 Qb5 52. Kg6 Qxb4 53. e6 Ke5 54. Kg7 Kxe6 55. f8Q Qxf8+ 56. Kxf8 Kf5 0-1

[Event "GER-ch 89th"]
[Site "Dresden"]
[Date "2018.08.10"]
[Round "8"]
[White "Rehberg, Raphael"]
[Black "Faerber, David"]
[Result "1/2-1/2"]
[WhiteElo "2234"]
[BlackElo "2321"]
[PlyCount "89"]
[EventDate "2018.08.03"]
[EventType "swiss"]
[EventRounds "9"]
[EventCountry "GER"]
[SourceTitle "CBM 185 Extra"]
[Source "ChessBase"]
[SourceDate "2018.07.29"]
[SourceVersion "1"]
[SourceVersionDate "2018.07.29"]
[SourceQuality "1"]

1. e4 c5 2. Nf3 Nc6 3. Bb5 g6 4. Bxc6 bxc6 5. 0-0 Bg7 6. Re1 Nh6 7. c3 0-0 8. d4 cxd4 9. cxd4 d5 10. e5 f6 11. Nbd2 fxe5 12. Nxe5 Bxe5 13. dxe5 Qb6 14. Nf3 Nf5 15. Qc2 c5 16. b3 Bb7 17. Ba3 Rac8 18. Rac1 c4 19. Qb2 d4 20. bxc4 Qa6 21. Nd2 Rb8 22. Rb1 Bxg2 23. Qxb8 Rxb8 24. Rxb8+ Kg7 25. Bxe7 Nxe7 26. Kxg2 Qxa2 27. Nf3 Qxc4 28. Rb7 d3 29. h3 Kf8 30. Rb8+ Kg7 31. Reb1 d2 32. Nxd2 Qd5+ 33. Nf3 Nf5 34. R8b4 g5 35. R1b3 Nh4+ 36. Kg3 Nxf3 37. Rxf3 Qxe5+ 38. Kg2 Qd5 39. h4 h6 40. hxg5 hxg5 41. Rg4 Kh6 42. Rgg3 Kh5 43. Kg1 a5 44. Rd3 Qe5 45. Rde3 1/2-1/2

[Event "Berlin Werner Ott op"]
[Site "Berlin"]
[Date "2018.07.08"]
[Round "9"]
[White "Rehberg, Raphael"]
[Black "Krueger, Robin Kevin"]
[Result "1/2-1/2"]
[WhiteElo "2279"]
[BlackElo "1942"]
[PlyCount "49"]
[EventDate "2018.06.30"]
[EventType "swiss"]
[EventRounds "9"]
[EventCountry "GER"]
[SourceTitle "CBM 185 Extra"]
[Source "ChessBase"]
[SourceDate "2018.07.29"]
[SourceVersion "1"]
[SourceVersionDate "2018.07.29"]
[SourceQuality "1"]

1. e4 e5 2. Bc4 Nf6 3. d3 Nc6 4. Nf3 Bc5 5. c3 0-0 6. Nbd2 d5 7. Bb3 dxe4 8. dxe4 Qe7 9. 0-0 Rd8 10. Qe2 h6 11. Nc4 a5 12. a4 Be6 13. Bc2 Nd7 14. Rd1 Qf6 15. h3 Nf8 16. Ne3 Bxe3 17. fxe3 Nd7 18. Rf1 Qe7 19. b3 Qc5 20. Qe1 Qb6 21. Rb1 Nc5 22. Ba3 Nd3 23. Qe2 Nf4 24. Qf2 Nd3 25. Qe2 1/2-1/2

[Event "Berlin Werner Ott op"]
[Site "Berlin"]
[Date "2018.07.06"]
[Round "7"]
[White "Rehberg, Raphael"]
[Black "Bruening, Wolfgang"]
[Result "1-0"]
[WhiteElo "2279"]
[BlackElo "1850"]
[PlyCount "93"]
[EventDate "2018.06.30"]
[EventType "swiss"]
[EventRounds "9"]
[EventCountry "GER"]
[SourceTitle "CBM 185 Extra"]
[Source "ChessBase"]
[SourceDate "2018.07.29"]
[SourceVersion "1"]
[SourceVersionDate "2018.07.29"]
[SourceQuality "1"]

1. e4 e6 2. d4 d5 3. Nc3 dxe4 4. Nxe4 Nd7 5. Nf3 Ngf6 6. Bg5 Be7 7. Bd3 0-0 8. Qe2 c5 9. dxc5 Nxc5 10. Nxc5 Qa5+ 11. c3 Qxc5 12. 0-0 h6 13. Be3 Qh5 14. Bd4 Rd8 15. Ne5 Qxe2 16. Bxe2 Nd5 17. f4 f6 18. Nd3 Bd7 19. Rad1 b6 20. Rfe1 Rac8 21. Bf3 Kf7 22. f5 Nc7 23. fxe6+ Bxe6 24. Nf4 Bf5 25. Bh5+ Kf8 26. Ng6+ Bxg6 27. Bxg6 Rd6 28. Bf2 Rcd8 29. Bh5 Rd5 30. Bf3 Rd2 31. Bg3 Bc5+ 32. Kf1 Rxd1 33. Rxd1 Rxd1+ 34. Bxd1 Nd5 35. Bf3 Ne3+ 36. Ke2 Nf5 37. Bb8 a5 38. Kd3 Ke7 39. Kc4 Ne3+ 40. Kb5 Kd8 41. b4 axb4 42. cxb4 Bd4 43. a4 f5 44. Ba7 Nc2 45. Bxb6+ Bxb6 46. Kxb6 Nxb4 47. a5 1-0

[Event "Berlin Werner Ott op"]
[Site "Berlin"]
[Date "2018.07.03"]
[Round "4"]
[White "Rehberg, Raphael"]
[Black "Sommaro, Katja"]
[Result "1-0"]
[WhiteElo "2279"]
[BlackElo "2087"]
[PlyCount "63"]
[EventDate "2018.06.30"]
[EventType "swiss"]
[EventRounds "9"]
[EventCountry "GER"]
[SourceTitle "CBM 185 Extra"]
[Source "ChessBase"]
[SourceDate "2018.07.29"]
[SourceVersion "1"]
[SourceVersionDate "2018.07.29"]
[SourceQuality "1"]

1. e4 d6 2. d4 Nf6 3. Nc3 g6 4. f3 Bg7 5. Be3 c6 6. Qd2 b5 7. a3 0-0 8. Bh6 e5 9. Nge2 Nbd7 10. h4 Qb6 11. Bxg7 Kxg7 12. h5 Re8 13. dxe5 dxe5 14. g4 Nf8 15. 0-0-0 Be6 16. Ng3 Rab8 17. b3 Rbd8 18. Bd3 a5 19. Nf5+ Bxf5 20. exf5 Qc5 21. hxg6 fxg6 22. Qh6+ Kf7 23. Kb2 b4 24. fxg6+ hxg6 25. axb4 axb4 26. Na4 Qd4+ 27. Kb1 Qf4 28. g5 Nd5 29. Bxg6+ Nxg6 30. Qh7+ Ke6 31. Nc5+ Kd6 32. Nb7+ 1-0

[Event "GER-ch 87th"]
[Site "Luebeck"]
[Date "2016.10.25"]
[Round "5"]
[White "Schroeder, Christoph"]
[Black "Rehberg, Raphael"]
[Result "0-1"]
[WhiteElo "2193"]
[BlackElo "2232"]
[PlyCount "76"]
[EventDate "2016.10.21"]
[EventType "swiss"]
[EventRounds "9"]
[EventCountry "GER"]
[SourceTitle "EXT 2018"]
[Source "ChessBase"]
[SourceDate "2017.10.13"]
[SourceVersion "1"]
[SourceVersionDate "2017.10.13"]
[SourceQuality "1"]

1. c4 Nf6 2. g3 e6 3. Bg2 d5 4. Nf3 Be7 5. 0-0 0-0 6. b3 d4 7. e3 Nc6 8. a3 a5 9. exd4 Nxd4 10. Bb2 Bc5 11. Nxd4 Bxd4 12. Bxd4 Qxd4 13. Nc3 e5 14. Qc2 c6 15. Ne2 Qc5 16. b4 Qe7 17. Qc3 Bg4 18. f3 Bh5 19. d4 axb4 20. axb4 e4 21. Rxa8 Rxa8 22. Nf4 Bxf3 23. Bxf3 exf3 24. Rxf3 Qe4 25. d5 cxd5 26. Nxd5 Nxd5 27. cxd5 Qxd5 28. Rd3 Qf5 29. Rf3 Qh3 30. Re3 h6 31. Qe1 Qd7 32. Qc3 Rd8 33. Qe5 Rc8 34. Re1 Qd2 35. Rf1 Qxb4 36. Rxf7 Qb6+ 37. Kg2 Kxf7 38. Qf5+ Ke7 0-1

[Event "Berlin Lichtenberger op 15th"]
[Site "Berlin"]
[Date "2016.08.19"]
[Round "7"]
[White "Rehberg, Raphael"]
[Black "Jahn, Thomas"]
[Result "1-0"]
[WhiteElo "2248"]
[BlackElo "2195"]
[PlyCount "79"]
[EventDate "2016.08.13"]
[EventType "swiss"]
[EventRounds "9"]
[EventCountry "GER"]
[SourceTitle "CBM 173 Extra"]
[Source "ChessBase"]
[SourceDate "2016.08.29"]
[SourceVersion "1"]
[SourceVersionDate "2016.08.29"]
[SourceQuality "1"]

1. e4 e5 2. Nf3 Nc6 3. Bc4 Nf6 4. d3 Be7 5. Bb3 0-0 6. Nbd2 d5 7. c3 Bg4 8. h3 Bh5 9. Qe2 dxe4 10. dxe4 Nd7 11. g4 Bg6 12. Nf1 Na5 13. Bc2 c5 14. b3 Rc8 15. Ng3 Re8 16. h4 f6 17. g5 Bf7 18. Nf5 Nf8 19. h5 fxg5 20. h6 Bf6 21. Nxg7 Ne6 22. Nxe8 Bxe8 23. Nh2 Nf4 24. Bxf4 exf4 25. e5 Be7 26. Qd3 Qxd3 27. Bxd3 c4 28. bxc4 Nxc4 29. Nf3 Rc5 30. Bxc4+ Rxc4 31. Rg1 Rxc3 32. Nxg5 Bg6 33. Ne6 Rc4 34. Rg4 Kf7 35. Rxf4+ Rxf4 36. Nxf4 Bf5 37. Rc1 Bg5 38. Rc7+ Kf8 39. e6 Ke8 40. Rc5 1-0

[Event "Berlin Lichtenberger op 12th"]
[Site "Berlin"]
[Date "2013.08.25"]
[Round "9"]
[White "Rehberg, Raphael"]
[Black "Thorarinsson, Pall A"]
[Result "1-0"]
[WhiteElo "2151"]
[BlackElo "2222"]
[PlyCount "97"]
[EventDate "2013.08.17"]
[EventType "swiss"]
[EventRounds "9"]
[EventCountry "GER"]
[SourceTitle "CBM 156 Extra"]
[Source "ChessBase"]
[SourceDate "2013.10.22"]
[SourceVersion "1"]
[SourceVersionDate "2013.10.22"]
[SourceQuality "1"]

1. e4 d6 2. d4 Nf6 3. Nc3 g6 4. f3 c6 5. Be3 Qb6 6. Qc1 h5 7. Bd3 Bg7 8. Nge2 Qc7 9. a4 Nbd7 10. 0-0 c5 11. dxc5 Nxc5 12. Nb5 Qd8 13. e5 Nd5 14. exd6 Nxd3 15. cxd3 exd6 16. Bxa7 Rxa7 17. Nxa7 Qb6+ 18. Kh1 Bf5 19. Nb5 0-0 20. Qd2 h4 21. Nec3 Nf6 22. Ne4 h3 23. g4 Bd7 24. Qf2 Qd8 25. Nbxd6 Bc6 26. Nxf6+ Bxf6 27. Ne4 Bd4 28. Qd2 Bg7 29. Rg1 Re8 30. Rae1 Re5 31. Rg3 Rd5 32. Nf2 Bd4 33. Rxh3 Bxf2 34. Qxf2 Rxd3 35. Rg3 Bxa4 36. Re3 Rd2 37. Re2 Rd3 38. Re3 Rd2 39. Re2 Rd3 40. Kg2 Bd1 41. Re3 Rd2 42. Re8+ Qxe8 43. Qxd2 Ba4 44. Rh3 Bc6 45. Kf2 Qe7 46. Qd4 f6 47. g5 Qe6 48. Rh6 Kg7 49. gxf6+ 1-0

[Event "Berlin Lichtenberger op 12th"]
[Site "Berlin"]
[Date "2013.08.24"]
[Round "8"]
[White "Rabiega, Robert"]
[Black "Rehberg, Raphael"]
[Result "1-0"]
[WhiteElo "2506"]
[BlackElo "2151"]
[PlyCount "217"]
[EventDate "2013.08.17"]
[EventType "swiss"]
[EventRounds "9"]
[EventCountry "GER"]
[SourceTitle "CBM 156 Extra"]
[Source "ChessBase"]
[SourceDate "2013.10.22"]
[SourceVersion "1"]
[SourceVersionDate "2013.10.22"]
[SourceQuality "1"]

1. e4 c5 2. c3 Nf6 3. e5 Nd5 4. Nf3 e6 5. Bc4 b6 6. d4 Bb7 7. 0-0 cxd4 8. cxd4 Be7 9. Bxd5 Bxd5 10. Nc3 Bb7 11. d5 exd5 12. Nxd5 0-0 13. Bf4 Na6 14. Nxe7+ Qxe7 15. Nd4 Qb4 16. b3 Nc5 17. a3 Qc3 18. Nf5 Be4 19. Nd6 Bc2 20. Qg4 Qxb3 21. Rfe1 Qe6 22. Qg3 Nb3 23. Ra2 Bg6 24. h3 Nd4 25. Rd2 Nf5 26. Qg4 Nxd6 27. Rxd6 Qxg4 28. hxg4 h5 29. gxh5 Bxh5 30. f3 Bg6 31. g4 f6 32. Rxd7 fxe5 33. Bxe5 Rf7 34. Red1 Raf8 35. f4 Bc2 36. Rxf7 Rxf7 37. Rd4 b5 38. Kf2 a5 39. Ke3 Rb7 40. Rd8+ Kf7 41. f5 b4 42. axb4 axb4 43. Bd6 g6 44. Rf8+ Kg7 45. f6+ Kh6 46. f7 Kg5 47. Rc8 Rxf7 48. Rxc2 Kxg4 49. Rg2+ Kf5 50. Bxb4 g5 51. Bd2 g4 52. Ke2 Re7+ 53. Be3 Rb7 54. Rf2+ Ke5 55. Rf8 Rb2+ 56. Bd2 Rb3 57. Rg8 g3 58. Be3 Rb2+ 59. Kf3 g2 60. Bf2 Rb3+ 61. Kxg2 Ke4 62. Rg4+ Kf5 63. Rc4 Ke5 64. Be1 Kd5 65. Rh4 Ke5 66. Kf2 Rb2+ 67. Ke3 Rb3+ 68. Ke2 Kd5 69. Bd2 Ra3 70. Be3 Ra2+ 71. Kf3 Ra8 72. Rh5+ Kc4 73. Rc5+ Kd3 74. Rd5+ Kc4 75. Rd7 Re8 76. Ke2 Ra8 77. Rc7+ Kd5 78. Bd2 Kd6 79. Rc4 Kd5 80. Kd3 Rh8 81. Be3 Rh1 82. Rc5+ Kd6 83. Rf5 Rh4 84. Bf4+ Ke6 85. Ke4 Rh1 86. Ra5 Re1+ 87. Be3 Kd6 88. Ra6+ Kd7 89. Kd4 Rh1 90. Bf4 Rd1+ 91. Kc5 Rf1 92. Be5 Rc1+ 93. Kd5 Rd1+ 94. Bd4 Rc1 95. Rd6+ Ke7 96. Rg6 Rf1 97. Ra6 Kf7 98. Ra7+ Kg6 99. Rg7+ Kh6 100. Rg2 Re1 101. Be5 Rb1 102. Ke6 Kh7 103. Rg4 Rb6+ 104. Kf5 Rb1 105. Rg7+ Kh6 106. Rf7 Rb5 107. Rf8 Rb7 108. Rh8+ Rh7 109. Ra8 1-0

[Event "Berlin Lichtenberger op 12th"]
[Site "Berlin"]
[Date "2013.08.22"]
[Round "6"]
[White "Kalinitschew, Sergey"]
[Black "Rehberg, Raphael"]
[Result "0-1"]
[WhiteElo "2442"]
[BlackElo "2151"]
[PlyCount "99"]
[EventDate "2013.08.17"]
[EventType "swiss"]
[EventRounds "9"]
[EventCountry "GER"]
[SourceTitle "CBM 156 Extra"]
[Source "ChessBase"]
[SourceDate "2013.10.22"]
[SourceVersion "1"]
[SourceVersionDate "2013.10.22"]
[SourceQuality "1"]

1. d4 d5 2. c4 e6 3. Nf3 c6 4. Qc2 Bd6 5. g3 Nd7 6. Bg2 Ngf6 7. 0-0 0-0 8. b3 e5 9. cxd5 e4 10. Nh4 cxd5 11. Nf5 Bb4 12. Bd2 Bxd2 13. Qxd2 Nb8 14. Ne3 Nc6 15. Nc3 Be6 16. f4 exf3 17. exf3 Qd7 18. g4 Ne7 19. h3 h5 20. Rf2 hxg4 21. fxg4 Rfd8 22. Raf1 Rac8 23. Rxf6 gxf6 24. Ne2 f5 25. gxf5 Bxf5 26. Nxf5 Nxf5 27. Qg5+ Ng7 28. Ng3 Kf8 29. h4 Rc6 30. h5 Qe7 31. Qf4 Rdd6 32. Rf2 Rf6 33. Qb8+ Ne8 34. Nf5 Rc1+ 35. Bf1 Qc7 36. Qxc7 Rxc7 37. h6 Kg8 38. Re2 Re6 39. Ne3 Rg6+ 40. Bg2 Rc1+ 41. Kf2 Nf6 42. Nf5 Rg5 43. Nd6 Ng4+ 44. Kf3 Rc6 45. Kf4 Rg6 46. Nf5 Rcf6 47. h7+ Kxh7 48. Bxd5 Nh6 49. Be4 Rg4+ 50. Ke5 0-1

[Event "Oberliga NRW 0910"]
[Site "Germany"]
[Date "2010.02.21"]
[Round "7.5"]
[White "Rehberg, Raphael"]
[Black "Heimsoth, Sven Holger"]
[Result "1-0"]
[WhiteElo "2197"]
[BlackElo "2159"]
[PlyCount "99"]
[EventDate "2009.09.20"]
[EventType "team-tourn"]
[EventRounds "9"]
[EventCountry "GER"]
[SourceTitle "EXT 2011"]
[Source "ChessBase"]
[SourceDate "2010.11.26"]
[SourceVersion "1"]
[SourceVersionDate "2010.11.26"]
[SourceQuality "1"]
[WhiteTeam "Lippstadt Turm"]
[BlackTeam "Muelheim Nord II"]
[WhiteTeamCountry "GER"]
[BlackTeamCountry "GER"]

1. e4 e6 2. d3 d5 3. Nd2 dxe4 4. dxe4 e5 5. Ngf3 Bc5 6. Bc4 Nf6 7. 0-0 Qe7 8. c3 a5 9. Re1 0-0 10. Nf1 b6 11. Bb3 Rd8 12. Qc2 h6 13. Be3 Bg4 14. Bxc5 Qxc5 15. Re3 Nc6 16. h3 Bxf3 17. Rxf3 b5 18. a4 bxa4 19. Bxa4 Ne7 20. Bb3 Rab8 21. Ne3 Qb5 22. Bc4 Qxb2 23. Qxb2 Rxb2 24. Ng4 Nxe4 25. Bxf7+ Kh7 26. Nxe5 Rb5 27. Nc4 Ng5 28. Rf4 Rf8 29. Re1 Rc5 30. Rxe7 Rxf7 31. Rfxf7 Nxf7 32. Nxa5 Nd6 33. Nb3 Rxc3 34. Nd4 c5 35. Ne6 Nf5 36. Rc7 c4 37. g4 Nh4 38. Nxg7 Kg6 39. Nh5 Nf3+ 40. Kg2 Nh4+ 41. Kf1 Nf5 42. Nf4+ Kg5 43. Ne6+ Kf6 44. gxf5 Kxf5 45. Ng7+ Ke4 46. Kg2 Ke5 47. Rc6 Rc1 48. Rxh6 c3 49. Rc6 Kd4 50. Nf5+ 1-0

[Event "Oberliga NRW 0910"]
[Site "Germany"]
[Date "2010.01.31"]
[Round "6.6"]
[White "Rehberg, Raphael"]
[Black "Stratmann, Holger"]
[Result "1-0"]
[WhiteElo "2197"]
[BlackElo "1891"]
[PlyCount "59"]
[EventDate "2009.09.20"]
[EventType "team-tourn"]
[EventRounds "9"]
[EventCountry "GER"]
[SourceTitle "EXT 2011"]
[Source "ChessBase"]
[SourceDate "2010.11.26"]
[SourceVersion "1"]
[SourceVersionDate "2010.11.26"]
[SourceQuality "1"]
[WhiteTeam "Lippstadt Turm"]
[BlackTeam "Katernberg II"]
[WhiteTeamCountry "GER"]
[BlackTeamCountry "GER"]

1. e4 c5 2. Nf3 d6 3. Bb5+ Nd7 4. 0-0 a6 5. Be2 Ngf6 6. d3 g6 7. c3 Bg7 8. Re1 0-0 9. Bf1 e5 10. d4 exd4 11. cxd4 Re8 12. Nc3 cxd4 13. Nxd4 Nc5 14. Qf3 Ng4 15. Nc2 Qh4 16. Bf4 Ne5 17. Qe3 Ng4 18. Qd2 Be5 19. h3 Nxf2 20. Bxe5 Nxh3+ 21. gxh3 Rxe5 22. Re3 Nxe4 23. Nxe4 Rxe4 24. Rxe4 Qxe4 25. Re1 Qc6 26. Nd4 Qd5 27. Re8+ Kg7 28. Bg2 Qxa2 29. Qc3 f6 30. Rxc8 1-0

[Event "NRW-ch"]
[Site "Moenchengladbach"]
[Date "2009.10.15"]
[Round "6"]
[White "Rehberg, Raphael"]
[Black "Muschik, Benedikt"]
[Result "0-1"]
[WhiteElo "2197"]
[BlackElo "2284"]
[PlyCount "70"]
[EventDate "2009.10.10"]
[EventType "swiss"]
[EventRounds "7"]
[EventCountry "GER"]
[SourceTitle "CBM 132 Extra"]
[Source "ChessBase"]
[SourceDate "2009.11.03"]
[SourceVersion "1"]
[SourceVersionDate "2009.11.03"]
[SourceQuality "1"]

1. e4 g6 2. d4 Bg7 3. Nc3 d6 4. Be3 a6 5. Qd2 Nd7 6. h4 Ngf6 7. Bh6 Bxh6 8. Qxh6 c5 9. d5 Ne5 10. Be2 Qb6 11. 0-0-0 Bg4 12. f3 Bd7 13. g4 Rg8 14. Nh3 Bb5 15. Qe3 Bxe2 16. Qxe2 0-0-0 17. Rhe1 h5 18. g5 Nfd7 19. Nf2 f6 20. f4 Nf7 21. gxf6 exf6 22. Rd3 Rdf8 23. Rg3 g5 24. fxg5 fxg5 25. hxg5 h4 26. Rg4 Rxg5 27. Rxh4 Nfe5 28. Reh1 Rg2 29. Rh8 Qd8 30. Rxf8 Qxf8 31. Rf1 Qf4+ 32. Kb1 Nf3 33. Rd1 Nd4 34. Rxd4 Rxf2 35. Qc4 b5 0-1

[Event "NRW-ch"]
[Site "Moenchengladbach"]
[Date "2009.10.11"]
[Round "2"]
[White "Rehberg, Raphael"]
[Black "Kummerow, Heiko"]
[Result "0-1"]
[WhiteElo "2197"]
[BlackElo "2348"]
[PlyCount "82"]
[EventDate "2009.10.10"]
[EventType "swiss"]
[EventRounds "7"]
[EventCountry "GER"]
[SourceTitle "CBM 132 Extra"]
[Source "ChessBase"]
[SourceDate "2009.11.03"]
[SourceVersion "1"]
[SourceVersionDate "2009.11.03"]
[SourceQuality "1"]

1. e4 e6 2. b3 b6 3. Bb2 Bb7 4. Nc3 Nf6 5. e5 Nd5 6. Nxd5 Bxd5 7. Qg4 c5 8. f4 Qc7 9. c4 Be4 10. Be2 Nc6 11. Nf3 0-0-0 12. 0-0 h5 13. Qh3 Bf5 14. Qg3 Be7 15. Kh1 h4 16. Qe1 Rdg8 17. d4 h3 18. d5 hxg2+ 19. Kxg2 g5 20. dxc6 Qxc6 21. Kf2 gxf4 22. Qc3 Rxh2+ 23. Ke1 Rhg2 24. Rf2 Qe4 25. Rd1 R2g3 26. Qd3 Qc6 27. Qd2 R8g4 28. Rh2 Be4 29. Rf2 Rh3 30. Qc3 Bh4 31. Nxh4 Rxc3 32. Bxg4 Re3+ 33. Kd2 Rd3+ 34. Kc1 d5 35. Re1 dxc4 36. Rxf4 c3 37. Rfxe4 Qd5 38. R4e2 cxb2+ 39. Rxb2 Qd4 40. Rd1 Rc3+ 41. Kb1 Qxg4 0-1

[Event "Dortmund Sparkassen op"]
[Site "Dortmund"]
[Date "2008.07.05"]
[Round "8"]
[White "Rehberg, Raphael"]
[Black "Jensen, Leif Haugaard"]
[Result "1-0"]
[WhiteElo "2221"]
[BlackElo "2031"]
[PlyCount "76"]
[EventDate "2008.06.30"]
[EventType "swiss"]
[EventRounds "9"]
[EventCountry "GER"]
[SourceTitle "CBM 125 Extra"]
[Source "ChessBase"]
[SourceDate "2008.09.01"]
[SourceVersion "1"]
[SourceVersionDate "2008.09.01"]
[SourceQuality "1"]

1. d4 d5 2. Nc3 Nf6 3. Bg5 c6 4. f3 h6 5. Bxf6 exf6 6. e4 Be6 7. Nge2 Bb4 8. Qd2 0-0 9. a3 Bxc3 10. Nxc3 Re8 11. Be2 Nd7 12. 0-0-0 Rb8 13. g4 b5 14. exd5 Bxd5 15. Nxd5 cxd5 16. Bd3 a5 17. b3 b4 18. a4 Nb6 19. Bb5 Re7 20. Rde1 Rbb7 21. Qf4 Qc7 22. Qxc7 Rbxc7 23. Rxe7 Rxe7 24. Kd2 Kf8 25. Rc1 Rc7 26. c3 bxc3+ 27. Rxc3 Rxc3 28. Kxc3 Ke7 29. b4 axb4+ 30. Kxb4 Kd6 31. a5 Nc8 32. Ba6 Na7 33. Bb7 Nc6+ 34. Bxc6 Kxc6 35. f4 g6 36. f5 h5 37. gxh5 gxh5 38. h4 Kd6 1-0

[Event "Dortmund Sparkassen op"]
[Site "Dortmund"]
[Date "2008.07.04"]
[Round "7"]
[White "Stroessner, Lena"]
[Black "Rehberg, Raphael"]
[Result "0-1"]
[WhiteElo "1895"]
[BlackElo "2221"]
[PlyCount "159"]
[EventDate "2008.06.30"]
[EventType "swiss"]
[EventRounds "9"]
[EventCountry "GER"]
[SourceTitle "CBM 125 Extra"]
[Source "ChessBase"]
[SourceDate "2008.09.01"]
[SourceVersion "1"]
[SourceVersionDate "2008.09.01"]
[SourceQuality "1"]

1. Nf3 g6 2. c4 Bg7 3. d4 d6 4. Bf4 Nd7 5. e4 e5 6. dxe5 dxe5 7. Be3 Ngf6 8. Nc3 0-0 9. Be2 c6 10. 0-0 Qe7 11. Rb1 Ng4 12. Bc1 f5 13. b4 Ngf6 14. Nd2 Rd8 15. f3 Nf8 16. c5 Ne6 17. Bc4 Kh8 18. Bxe6 Bxe6 19. Qc2 f4 20. Ne2 g5 21. a4 Qf7 22. b5 g4 23. Bb2 Nd7 24. Rbd1 Rg8 25. fxg4 Bxg4 26. Nf3 Rae8 27. Nc1 Bf6 28. Nd3 Bh3 29. Nde1 Rg6 30. Kh1 Bg4 31. Rf2 Qe7 32. Rd6 cxb5 33. axb5 b6 34. Ba3 Nxc5 35. Bxc5 bxc5 36. Qxc5 Rc8 37. Qa3 Bg7 38. Ra6 Qxa3 39. Rxa3 Rc1 40. Rf1 Bf8 41. Rxa7 Bxf3 42. gxf3 Rd6 43. Rg1 Rg6 44. Rf1 Bb4 45. b6 Rxb6 46. Rg1 Rg6 47. Ra8+ Kg7 48. Ng2 Rxg1+ 49. Kxg1 Bc5+ 50. Kf1 Rh6 51. Rc8 Bd4 52. Rc7+ Kf8 53. h4 Ra6 54. Ne1 Ra1 55. Ke2 Kg8 56. Rc2 Kg7 57. Ng2 Kg6 58. Kd3 Rf1 59. Nxf4+ exf4 60. Kxd4 Rxf3 61. Ke5 Rf1 62. Rg2+ Kh5 63. Kf5 f3 64. Rg7 h6 65. Kf4 f2 66. Rg2 Rh1 67. Rxf2 Rxh4+ 68. Ke5 Kg6 69. Rg2+ Kf7 70. Rf2+ Ke7 71. Rf4 Rh1 72. Rf6 h5 73. Rh6 Ra1 74. Rh7+ Kf8 75. Ke6 Ra6+ 76. Ke5 Kg8 77. Rd7 Rh6 78. Kf5 h4 79. e5 h3 80. Rd1 0-1

[Event "Dortmund Sparkassen op"]
[Site "Dortmund"]
[Date "2008.07.03"]
[Round "5"]
[White "Aulich, Marcell"]
[Black "Rehberg, Raphael"]
[Result "1-0"]
[WhiteElo "2019"]
[BlackElo "2221"]
[PlyCount "35"]
[EventDate "2008.06.30"]
[EventType "swiss"]
[EventRounds "9"]
[EventCountry "GER"]
[SourceTitle "CBM 125 Extra"]
[Source "ChessBase"]
[SourceDate "2008.09.01"]
[SourceVersion "1"]
[SourceVersionDate "2008.09.01"]
[SourceQuality "1"]

1. e4 e5 2. Nf3 d6 3. d4 Nf6 4. Nc3 Nbd7 5. Bc4 Be7 6. 0-0 0-0 7. h3 c6 8. dxe5 dxe5 9. a4 Qc7 10. Qe2 a6 11. Bg5 b6 12. Rfd1 Re8 13. Be3 Bb7 14. Bxf7+ Kxf7 15. Qc4+ Kg6 16. Nh4+ Kh5 17. Qe2+ Kxh4 18. Kh2 1-0